| 000 | 00615nam a22002177a 4500 | ||
|---|---|---|---|
| 003 | OSt | ||
| 005 | 20140310181738.0 | ||
| 008 | 130321t xxu||||| |||| 00| 0 eng d | ||
| 020 |
_a9715811574 _c9718573062 |
||
| 050 |
_aPN 6081 _b.R574 2005 |
||
| 082 |
_aTR 808.88 _bR45 2005 |
||
| 100 | _aRilloma, Nestor C. | ||
| 245 |
_aNuggets of wisdom / _cNestor C. Rilloma and Jose F. Sarsoza, Jr. |
||
| 260 |
_aPhilippines : _bPhilippine Publishing House, _cc2005. |
||
| 300 |
_a176 p. : _bill. col. ; _c24 cm. |
||
| 520 | _a | ||
| 562 | _e1 | ||
| 650 | _aQuotations, English. | ||
| 942 |
_2lcc _cBK |
||
| 999 |
_c2655 _d2655 |
||